Catalog

Record Details

Catalog Search



Scots on the rocks #23 [Large Print] : a ... Read More

Daheim, Mary.(Author).

Available copies

  • 1 of 1 copy available at LARL/NWRL Consortium.

Current holds

0 current holds with 1 total copy.

Show All Copies
Location Call Number / Copy Notes Barcode Shelving Location Status Due Date
Roseau Public Library lp DAH (Text) 35500004060610 Main Available -

Record details

  • ISBN: 9780061260391 (pbk.) :
  • ISBN: 0061260398 (pbk.) :
  • Physical Description: 506 p. (large print) ; 23 cm.
  • Edition: 1st HarperLuxe ed.
  • Publisher: New York : HarperLuxe, c2007.
Subject: Flynn, Judith McMonigle (Fictitious character) > Fiction.
Scotland > Fiction.
Genre: Mystery fiction.
Large type books.
LDR 01074cam a2200301Ia 4500
00182956
003LARL_NWRL_CONSORTIUM
00520070814152026.0
008070802s2007 nyu d 000 1 eng
020 . ‡a9780061260391 (pbk.) : ‡c$23.95
020 . ‡a0061260398 (pbk.) : ‡c$23.95
035 . ‡a(OCoLC)162121506
043 . ‡ae-uk-st
08204. ‡a813/.54 ‡222
1001 . ‡aDaheim, Mary. ‡0(LARL_NWRL_CONSORTIUM)110616
24510. ‡aScots on the rocks ‡n#23 ‡h[Large Print] : ‡ba bed-and-breakfast mystery / ‡cMary Daheim.
250 . ‡a1st HarperLuxe ed.
260 . ‡aNew York : ‡bHarperLuxe, ‡cc2007.
300 . ‡a506 p. (large print) ; ‡c23 cm.
4900 . ‡aBed and breakfast ; ‡v23
650 0. ‡aFlynn, Judith McMonigle (Fictitious character) ‡vFiction.
651 0. ‡aScotland ‡vFiction. ‡0(LARL_NWRL_CONSORTIUM)167208
655 7. ‡aMystery fiction. ‡2gsafd
655 0. ‡aLarge type books.
901 . ‡a82956 ‡bOCLC ‡c82956 ‡tbiblio

Additional Resources